| 000 | 00901nam a22003257a 4500 | ||
|---|---|---|---|
| 001 | 0019111 | ||
| 003 | KOHA_MİRAKIL | ||
| 005 | 20260207002226.0 | ||
| 007 | ta | ||
| 008 | 100707b2006 tu |||gr||||#||||0|tur | | ||
| 020 | _a9755916911 | ||
| 040 |
_aTR-BiSEU _btur _cTR-BiSEU _erda |
||
| 041 | 0 | _atur | |
| 044 | _ctu | ||
| 050 |
_aHF5823 _b.T39 2006 |
||
| 100 | 0 | _aTayfur Gıyasettin. | |
| 245 | 1 |
_aReklamcılık/ _cTayfur Gıyasettin ; Gıyasettin Tayfur. |
|
| 250 | _a2.bs. | ||
| 264 | 1 |
_aAnkara : _bNobel _c2006 |
|
| 300 | _a223 s. | ||
| 336 |
_ametin _btxt _2rdacontent |
||
| 337 |
_aaracısız _bn _2rdamedia |
||
| 338 |
_acilt _bnc _2rdacarrier |
||
| 490 | 1 |
_aNobel yayın ; _v706, Meslek serisi ; _v28. |
|
| 500 | _aKaynakça var. | ||
| 650 | 0 |
_aReklam. _99168 |
|
| 650 | 0 |
_aAdvertising. _92309 |
|
| 830 | 1 |
_aNobel yayın ; _v706, Meslek serisi ; _v28. _91510 |
|
| 942 |
_2lcc _cBK |
||
| 999 |
_c19068 _d19068 |
||